TB. OF BIOCHEMISTRY (Record no. 10536)
[ view plain ]
| 000 -LEADER | |
|---|---|
| fixed length control field | 00298nam a22001457a 4500 |
| 003 - CONTROL NUMBER IDENTIFIER | |
| control field | SGT |
| 082 ## - DEWEY DECIMAL CLASSIFICATION NUMBER | |
| Classification number | 612.015 |
| Item number | B15S |
| 100 ## - MAIN ENTRY--PERSONAL NAME | |
| Personal name | SINGH, S.P. |
| 245 ## - TITLE STATEMENT | |
| Title | TB. OF BIOCHEMISTRY |
| 250 ## - EDITION STATEMENT | |
| Edition statement | 6TH |
| 260 ## - PUBLICATION, DISTRIBUTION, ETC. (IMPRINT) | |
| Place of publication, distribution, etc | INDIA |
| Name of publisher, distributor, etc | CBS |
| Year of Publication | 2015 |
| 300 ## - PAGE DESCRIPTION | |
| No. of Pages | 1051 |
| 650 ## - SUBJECT ADDED ENTRY--TOPICAL TERM | |
| Topical term or geographic name as entry element | BIOCHEMISTRY |
| 942 ## - ADDED ENTRY ELEMENTS (KOHA) | |
| Source of classification or shelving scheme | Dewey Decimal Classification |
| Koha item type | Books |
| 942 ## - ADDED ENTRY ELEMENTS (KOHA) | |
| -- | 14 |
| Withdrawn status | Lost status | Source of classification or shelving scheme | Damaged status | Not for loan | Collection code | Home library | Current library | Shelving location | Date acquired | Vendor Name | Cost, normal purchase price | SGTU | Bill Number | Total Checkouts | Full call number | Accession No. (Barcode) | Date last seen | Date last borrowed | Bill Date | Koha item type |
|---|---|---|---|---|---|---|---|---|---|---|---|---|---|---|---|---|---|---|---|---|
| Dewey Decimal Classification | MEDICAL | SGT Medical Library | SGT Medical Library | Text Book | 20/01/2017 | ABC | 695.00 | SGTU | 6436 | 6 | 612.015 B15S | FM7866 | 06/02/2023 | 04/02/2023 | 02/01/2015 | Books | ||||
| Dewey Decimal Classification | MEDICAL | SGT Medical Library | SGT Medical Library | Text Book | 20/01/2017 | ABC | 695.00 | SGTU | 6436 | 1 | 612.015 B15S | FM7867 | 30/12/2024 | 14/12/2024 | 02/01/2015 | Books | ||||
| Dewey Decimal Classification | MEDICAL | SGT Medical Library | SGT Medical Library | Text Book | 20/01/2017 | ABC | 695.00 | SGTU | 6436 | 2 | 612.015 B15S | FM7868 | 21/10/2024 | 09/10/2024 | 02/01/2015 | Books | ||||
| Dewey Decimal Classification | MEDICAL | SGT Medical Library | SGT Medical Library | Text Book | 20/01/2017 | ABC | 695.00 | SGTU | 6436 | 612.015 B15S | FM7869 | 20/01/2017 | 02/01/2015 | Books | ||||||
| Dewey Decimal Classification | MEDICAL | SGT Medical Library | SGT Medical Library | Text Book | 20/01/2017 | ABC | 695.00 | SGTU | 6436 | 612.015 B15S | FM7870 | 20/01/2017 | 02/01/2015 | Books | ||||||
| Dewey Decimal Classification | MEDICAL | SGT Medical Library | SGT Medical Library | Text Book | 20/01/2017 | ABC | 695.00 | SGTU | 6436 | 1 | 612.015 B15S | FM7871 | 24/02/2025 | 24/02/2025 | 02/01/2015 | Books | ||||
| Dewey Decimal Classification | MEDICAL | SGT Medical Library | SGT Medical Library | Text Book | 20/01/2017 | ABC | 695.00 | SGTU | 6436 | 1 | 612.015 B15S | FM7872 | 03/01/2024 | 18/12/2023 | 02/01/2015 | Books | ||||
| Dewey Decimal Classification | MEDICAL | SGT Medical Library | SGT Medical Library | Text Book | 20/01/2017 | ABC | 695.00 | SGTU | 6436 | 4 | 612.015 B15S | FM7873 | 21/02/2024 | 07/02/2024 | 02/01/2015 | Books |